[Event "40th ECC Open 2025"]
[Site "Rhodes GRE"]
[Date "2025.10.23"]
[Round "5.120"]
[White "Bjarnason, Oskar"]
[Black "Mindru, Valeriu"]
[Result "1-0"]
[WhiteElo "2118"]
[BlackElo "1865"]
[WhiteTeam "CE Gambit Bonnevoie #1"]
[BlackTeam "Perfect"]
[WhiteFideId "2301237"]
[BlackFideId "13905775"]
[EventDate "2025.10.19"]
[EventType "team"]

1. d4 Nf6 2. c4 e6 3. Nc3 d5 4. cxd5 exd5 5. Bg5 Be7 6. e3 O-O 7. Bd3 Nbd7 8.
Qc2 h6 9. Bh4 b6 10. Nf3 Bb7 11. O-O c5 12. Rae1 Re8 13. Ne5 a6 14. f4 b5 15.
Bf5 b4 16. Ne2 Nxe5 17. fxe5 Ne4 18. Bxe7 Qxe7 19. Bxe4 dxe4 20. Ng3 cxd4 21.
exd4 Rac8 22. Qf2 Rf8 23. Nxe4 Bxe4 24. Rxe4 Qe6 25. b3 Rc7 26. h3 Rfc8 27. Qf5
Rc2 28. Qxe6 fxe6 29. Rf2 Rc1+ 30. Kh2 R1c2 31. Ref4 Rxf2 32. Rxf2 Rd8 33. Rd2
Kf7 34. Kg3 Ke7 35. Kf4 Rc8 36. Ke4 Rc7 37. Re2 Rc3 38. d5 exd5+ 39. Kxd5 Rc8
40. e6 Rc1 41. Rf2 Rd1+ 42. Kc4 Kxe6 43. Kxb4 Rd5 44. Kc4 Rg5 45. Rd2 Rf5 46. b4
Rf8 47. a3 Rc8+ 48. Kb3 Rc1 49. Rd3 Rg1 50. Rg3 Kf6 51. Ka4 Re1 52. Ka5 Re6 53.
a4 g5 54. b5 axb5 55. axb5 Re2 56. b6 Ra2+ 57. Kb4 Ra8 58. Kb5 Re8 59. b7 Re5+
60. Kb6 Re8 61. Ka7 Re2 62. b8=Q 1-0

[Event "40th ECC Open 2025"]
[Site "Rhodes GRE"]
[Date "2025.10.23"]
[Round "5.121"]
[White "Kjartansson, Gudmundur"]
[Black "Laurusas, Tomas"]
[Result "1/2-1/2"]
[WhiteTitle "GM"]
[BlackTitle "GM"]
[WhiteElo "2422"]
[BlackElo "2504"]
[WhiteTeam "Reykjavik chess club"]
[BlackTeam "Vilnius MRU-ROSK Consulting"]
[WhiteFideId "2301318"]
[BlackFideId "12803731"]
[EventDate "2025.10.19"]
[EventType "team"]

1. c4 c6 2. Nf3 d5 3. e3 Nf6 4. Nc3 g6 5. d4 Bg7 6. Be2 O-O 7. O-O Nbd7 8. a4
Re8 9. cxd5 cxd5 10. Qb3 e6 11. Bd2 Ne4 12. Be1 b6 13. a5 Nxc3 14. Bxc3 a6 15.
Rfc1 b5 16. Bb4 Bb7 17. Rc2 Rc8 18. Rac1 Rxc2 19. Qxc2 Qb8 20. Nd2 Rc8 21. Qd1
Rxc1 22. Qxc1 Qc8 23. Nb3 Qxc1+ 24. Nxc1 Bf8 25. Bxf8 Kxf8 26. Nd3 Ke7 27. f4 h6
28. Kf2 Nb8 29. h4 Nc6 30. b4 f6 31. Ke1 Bc8 32. Kd2 Kd6 33. Kc3 h5 34. g4 hxg4
35. Bxg4 Ne7 36. Nc5 Nf5 37. Bxf5 exf5 38. h5 gxh5 39. Kd2 Ke7 40. Ke2 Kf7 41.
Kf3 Kg6 42. Kg3 Kh6 43. Kh4 Kg6 44. Nd3 Bd7 45. Nf2 Kh6 46. Nh1 Be8 47. Ng3 Bg6
48. Nf1 Bf7 49. Nd2 Be6 50. Kg3 Kg7 51. Nf3 Kh6 52. Nh4 Kg7 53. Ng2 Kh6 54. Kh4
Bd7 55. Ne1 Be6 56. Nd3 Bd7 57. Nc5 Bc8 58. Nd3 Bd7 59. Nc5 1/2-1/2

[Event "40th ECC Open 2025"]
[Site "Rhodes GRE"]
[Date "2025.10.23"]
[Round "5.122"]
[White "Pultinevicius, Paulius"]
[Black "Domalchuk-Jonasson, Aleksandr"]
[Result "1-0"]
[WhiteTitle "GM"]
[BlackTitle "IM"]
[WhiteElo "2532"]
[BlackElo "2373"]
[WhiteTeam "Vilnius MRU-ROSK Consulting"]
[BlackTeam "Reykjavik chess club"]
[WhiteFideId "12809390"]
[BlackFideId "14142805"]
[EventDate "2025.10.19"]
[EventType "team"]

1. c4 e6 2. g3 d5 3. Bg2 Nf6 4. Nf3 Be7 5. d4 O-O 6. Qc2 a5 7. O-O Nc6 8. a3
dxc4 9. Qxc4 a4 10. Nc3 Bd7 11. Bf4 Na5 12. Qd3 Nd5 13. Rad1 Nxf4 14. gxf4 Rb8
15. d5 b5 16. Ne5 Bd6 17. Be4 g6 18. Qg3 b4 19. dxe6 Bxe6 20. Nd5 bxa3 21. bxa3
Rb3 22. e3 Kh8 23. Nf3 c6 24. Nb4 Qe7 25. Nxc6 Nxc6 26. Bxc6 Rxa3 27. Rc1 Ra2
28. Nd4 a3 29. Nxe6 fxe6 30. Rb1 Rc2 31. Rb7 Qf6 32. Be4 Rb2 33. Ra7 Bc5 34. Ra6
Rb6 35. Ra5 Qc3 36. Ra7 Qf6 37. Rc1 Rb5 38. Ra6 Rb6 39. Ra5 Bd6 40. Ra7 Rf7 41.
Rc8+ Kg7 42. Raa8 Rf8 43. Ra7+ Kg8 44. Rxf8+ Bxf8 45. Kg2 Rb2 46. f5 Bc5 47.
Ra8+ Kg7 48. fxg6 hxg6 49. Bxg6 Bxe3 50. Bf7+ Kxf7 51. Qg8+ Ke7 52. Qd8+ Kf7 53.
Qe8+ Kg7 54. Qh8+ Kg6 55. Rg8+ Kf5 56. Qh3+ Ke5 57. Qxe3+ Kd5 58. Qd3+ Ke5 59.
Qc3+ Kf5 60. Qxa3 Qd4 61. Qh3+ Ke5 62. Qh8+ 1-0

[Event "40th ECC Open 2025"]
[Site "Rhodes GRE"]
[Date "2025.10.23"]
[Round "5.123"]
[White "Thorhallsson, Throstur"]
[Black "Klabis, Rokas"]
[Result "1-0"]
[WhiteTitle "GM"]
[BlackTitle "IM"]
[WhiteElo "2391"]
[BlackElo "2391"]
[WhiteTeam "Reykjavik chess club"]
[BlackTeam "Vilnius MRU-ROSK Consulting"]
[WhiteFideId "2300109"]
[BlackFideId "12805246"]
[EventDate "2025.10.19"]
[EventType "team"]

1. e4 e5 2. Nf3 Nc6 3. Bc4 Bc5 4. c3 Nf6 5. d3 d6 6. O-O O-O 7. a4 a6 8. Re1 h6
9. Nbd2 Ba7 10. Nf1 Ne7 11. Ng3 c6 12. d4 Qc7 13. h3 Bd7 14. Bb3 Rfe8 15. Nh4 c5
16. dxe5 dxe5 17. Qf3 c4 18. Bc2 Ng6 19. Nhf5 Nf4 20. Be3 g6 21. Nxh6+ Kg7 22.
Ng4 Nxg4 23. hxg4 Qc8 24. Bxa7 Rxa7 25. Qe3 Ra8 26. f3 Rh8 27. Rad1 Be6 28. Ne2
Nxe2+ 29. Rxe2 Qc7 30. Red2 Rad8 31. g3 Rxd2 32. Rxd2 b5 33. axb5 axb5 34. Bd1
Rd8 35. Rxd8 Qxd8 36. Be2 Qa5 37. Qc5 f6 38. Kf2 g5 39. f4 exf4 40. gxf4 Qd8 41.
f5 Bf7 42. e5 fxe5 43. Qxe5+ Kh7 44. Qxb5 Qd6 45. Qb7 Qh2+ 46. Ke1 Qg3+ 47. Kd1
Kg8 48. Qe4 Qg1+ 49. Kc2 Qf2 50. Kd2 Qb6 51. Kc1 Qg1+ 52. Kc2 Qf2 53. Qe7 Qf4
54. Qd8+ Kh7 55. Qd4 Qh2 56. Qe3 Kh6 57. Qe7 Bg8 58. Qe8 Kh7 59. f6 Qh6 60. Qe7+
Kh8 61. Kd2 Qg6 62. Ke3 Bf7 63. Qd8+ Kh7 64. Bf3 Qg8 65. Be4+ Kh8 66. Qxg8+ Kxg8
67. Kd4 1-0

[Event "40th ECC Open 2025"]
[Site "Rhodes GRE"]
[Date "2025.10.23"]
[Round "5.124"]
[White "Vedrickas, Tautvydas"]
[Black "Johannesson, Ingvar Thor"]
[Result "0-1"]
[WhiteTitle "FM"]
[BlackTitle "FM"]
[WhiteElo "2308"]
[BlackElo "2256"]
[WhiteTeam "Vilnius MRU-ROSK Consulting"]
[BlackTeam "Reykjavik chess club"]
[WhiteFideId "12802654"]
[BlackFideId "2301490"]
[EventDate "2025.10.19"]
[EventType "team"]

1. d4 Nf6 2. Bg5 e6 3. e4 h6 4. Bxf6 Qxf6 5. Nc3 Bb4 6. Qd3 d5 7. O-O-O Bxc3 8.
Qxc3 dxe4 9. f3 Nc6 10. fxe4 e5 11. Bb5 O-O 12. Bxc6 bxc6 13. Nf3 exd4 14. Qxd4
Qe7 15. Kb1 Be6 16. Qc3 c5 17. Rd3 Rfb8 18. Ne5 Rb6 19. Rg3 f6 20. Ng6 Qf7 21.
b3 c4 22. Rd1 Rab8 23. Ka1 a5 24. Qxa5 cxb3 25. cxb3 Qe8 26. Qc5 Bf7 27. Ne7+
Kh8 28. Rgd3 Rb5 29. Qa3 c5 30. Rd7 Be6 31. Qa7 Bxd7 32. Rxd7 c4 33. Nc6 cxb3
34. Qd4 Ra8 35. a4 b2+ 36. Kb1 Rb3 37. e5 Qg6+ 0-1

[Event "40th ECC Open 2025"]
[Site "Rhodes GRE"]
[Date "2025.10.23"]
[Round "5.125"]
[White "Omarsson, Adam"]
[Black "Sakalauskas, Vaidas"]
[Result "1/2-1/2"]
[WhiteTitle "CM"]
[BlackTitle "IM"]
[WhiteElo "2093"]
[BlackElo "2317"]
[WhiteTeam "Reykjavik chess club"]
[BlackTeam "Vilnius MRU-ROSK Consulting"]
[WhiteFideId "2311453"]
[BlackFideId "12800457"]
[EventDate "2025.10.19"]
[EventType "team"]

1. d4 d5 2. c4 dxc4 3. Nf3 e6 4. e3 a6 5. Bxc4 c5 6. a4 Nf6 7. Nc3 Nc6 8. O-O
cxd4 9. exd4 Be7 10. Bf4 O-O 11. Rc1 Nb4 12. Re1 Bd7 13. d5 exd5 14. Nxd5 Nfxd5
15. Bxd5 Nxd5 16. Qxd5 Bc6 17. Qb3 Bf6 18. Be5 Bxf3 19. Qxf3 Bxe5 20. Rxe5 Qd4
21. Re2 Qxa4 22. Qxb7 Rab8 23. Qc6 Qa2 24. Rce1 h6 25. h3 Rxb2 26. Rxb2 Qxb2 27.
Qxa6 Qd4 28. Qb7 Rd8 29. Qe7 Rb8 30. Qe5 Qxe5 1/2-1/2

[Event "40th ECC Open 2025"]
[Site "Rhodes GRE"]
[Date "2025.10.23"]
[Round "5.126"]
[White "Setkauskas, Vaidas"]
[Black "Jonsson, Gauti Pall"]
[Result "1-0"]
[WhiteElo "2272"]
[BlackElo "2134"]
[WhiteTeam "Vilnius MRU-ROSK Consulting"]
[BlackTeam "Reykjavik chess club"]
[WhiteFideId "12803936"]
[BlackFideId "2309092"]
[EventDate "2025.10.19"]
[EventType "team"]

1. e4 c5 2. Nf3 Nc6 3. d4 cxd4 4. Nxd4 Qb6 5. Nb3 g6 6. Nc3 Bg7 7. Be3 Qd8 8.
Qd2 Nf6 9. O-O-O d6 10. f3 Be6 11. Bh6 Bxh6 12. Qxh6 Bxb3 13. cxb3 Qa5 14. Bb5
a6 15. Bxc6+ bxc6 16. e5 Nd5 17. exd6 Nxc3 18. d7+ Kd8 19. bxc3 Qxc3+ 20. Kb1
Qf6 21. Qe3 Kc7 22. Rd4 e5 23. Rd3 Rhb8 24. Rhd1 Kd8 25. Qc5 a5 26. Rd6 Qf5+ 27.
Ka1 e4 28. Qd4 Qg5 29. f4 1-0

[Event "40th ECC Open 2025"]
[Site "Rhodes GRE"]
[Date "2025.10.23"]
[Round "5.127"]
[White "Cherniaiev, Tykhon"]
[Black "Mastrovasilis, Dimitrios"]
[Result "1/2-1/2"]
[WhiteTitle "FM"]
[BlackTitle "GM"]
[WhiteElo "2327"]
[BlackElo "2522"]
[WhiteTeam "Differdange"]
[BlackTeam "Kavala"]
[WhiteFideId "14182360"]
[BlackFideId "4202694"]
[EventDate "2025.10.19"]
[EventType "team"]

1. Nf3 d5 2. d4 Nf6 3. c4 e6 4. Nc3 dxc4 5. e4 b5 6. e5 Nd5 7. Nxb5 Nb6 8. Be2
Nc6 9. O-O Be7 10. Be3 O-O 11. Qc1 Ba6 12. Na3 Bxa3 13. bxa3 Ne7 14. Nd2 Nf5 15.
Nxc4 Nxd4 16. Bxd4 Qxd4 17. Rd1 Qc5 18. Nxb6 Qxb6 19. Rb1 Qa5 20. Bxa6 Qxa6 21.
Qc5 h6 22. h3 Qe2 23. Rd7 Qe4 24. Rb4 Qf5 25. Rxc7 Rfd8 26. Rd4 Rxd4 27. Qxd4 a5
28. Rd7 Qb1+ 29. Kh2 Qxa2 30. Rd8+ Rxd8 31. Qxd8+ Kh7 1/2-1/2

[Event "40th ECC Open 2025"]
[Site "Rhodes GRE"]
[Date "2025.10.23"]
[Round "5.128"]
[White "Galopoulos, Nikolaos"]
[Black "Wirig, Anthony"]
[Result "1/2-1/2"]
[BlackTitle "GM"]
[WhiteElo "2425"]
[BlackElo "2431"]
[WhiteTeam "Kavala"]
[BlackTeam "Differdange"]
[WhiteFideId "4208951"]
[BlackFideId "615013"]
[EventDate "2025.10.19"]
[EventType "team"]

1. d4 d5 2. c4 e6 3. Nf3 Nf6 4. Nc3 Be7 5. cxd5 exd5 6. Bf4 c6 7. h3 Bf5 8. e3
Qb6 9. Qb3 Na6 10. Qxb6 axb6 11. g4 Bg6 12. Ne5 Nd7 13. Nxd7 Kxd7 14. h4 Bd6 15.
h5 Be4 16. Rh3 h6 17. Bxa6 Rxa6 18. Bxd6 Kxd6 19. f3 Bh7 20. O-O-O Re8 21. Kd2
f6 22. a3 Re7 23. Rg3 Ra8 24. f4 Rf8 25. a4 Bg8 26. b4 Be6 27. Ra1 Ra8 28. Rag1
Rae8 29. Ra1 Ra8 30. Rgg1 Bd7 31. Nd1 c5 32. bxc5+ bxc5 33. dxc5+ Kxc5 34. Rc1+
Kd6 35. Nc3 Rae8 36. Rg3 Bc6 37. Rb1 Kc5 38. Kd3 Ra8 39. Rc1 Kd6 40. Kd4 Rc7 41.
Rgg1 Bxa4 42. Nxd5 Rxc1 43. Rxc1 Bc6 44. Nc3 Rd8 45. e4 Ke6+ 46. Ke3 Ra8 47. Rb1
Ra3 48. Kd4 Ra5 49. Rb4 Ra1 50. Ne2 Kd6 51. e5+ 1/2-1/2

[Event "40th ECC Open 2025"]
[Site "Rhodes GRE"]
[Date "2025.10.23"]
[Round "5.129"]
[White "Micottis, Dorian"]
[Black "Kanakaris, Georgios"]
[Result "1/2-1/2"]
[WhiteTitle "FM"]
[BlackTitle "IM"]
[WhiteElo "2232"]
[BlackElo "2382"]
[WhiteTeam "Differdange"]
[BlackTeam "Kavala"]
[WhiteFideId "26021986"]
[BlackFideId "4209460"]
[EventDate "2025.10.19"]
[EventType "team"]

1. Nf3 Nf6 2. g3 g6 3. Bg2 Bg7 4. d4 O-O 5. c4 d6 6. Nc3 Nbd7 7. O-O e5 8. e4
exd4 9. Nxd4 Re8 10. h3 Nc5 11. Re1 a5 12. Ndb5 Bd7 13. Bf4 Bc6 14. Qc2 h6 15.
Rad1 Qc8 16. Kh2 Ne6 17. Bc1 Nc5 18. f4 Kh7 19. b3 h5 20. Nd4 Bd7 21. Nf3 Kg8
22. Ba3 b6 23. Bxc5 bxc5 24. e5 Bf5 25. Qf2 dxe5 26. Nxe5 Ra6 27. Na4 Rd6 28.
Nxc5 Bf8 29. Nc6 Rxd1 30. Rxd1 h4 31. gxh4 Bxh3 32. Bxh3 Ng4+ 33. Bxg4 Qxg4 34.
Rg1 Bxc5 35. Rxg4 Bxf2 36. Nxa5 Ra8 37. Rg2 Bxh4 38. Nc6 Ra6 39. Ne5 Be7 40. Kg3
Kg7 41. Kf3 Re6 42. Nd3 Rd6 43. Ke3 Bf6 44. c5 Bd4+ 45. Kf3 Rd8 46. a4 Bc3 47.
Ke3 Rb8 48. b4 Re8+ 49. Kf3 Rd8 50. Ke2 Ra8 51. a5 Rb8 52. a6 Kf6 53. Kd1 Ke6
54. Kc2 Bd4 55. Kb3 Kd5 56. Ra2 f6 57. a7 Ra8 58. Ra6 g5 59. fxg5 fxg5 60. b5
Bxc5 61. Nxc5 Kxc5 62. Ka4 Kd5 63. Rg6 1/2-1/2

[Event "40th ECC Open 2025"]
[Site "Rhodes GRE"]
[Date "2025.10.23"]
[Round "5.130"]
[White "Stefanou, Dimitrios"]
[Black "Aliferenko, Aleksei"]
[Result "1-0"]
[WhiteTitle "FM"]
[WhiteElo "2334"]
[BlackElo "2200"]
[WhiteTeam "Kavala"]
[BlackTeam "Differdange"]
[WhiteFideId "25825011"]
[BlackFideId "14111977"]
[EventDate "2025.10.19"]
[EventType "team"]

1. Nf3 Nf6 2. c4 e6 3. e3 b6 4. b3 Bb7 5. Bb2 d5 6. Nc3 Be7 7. cxd5 exd5 8. d4
O-O 9. Bd3 Na6 10. a3 c5 11. Ne2 Nc7 12. Ng3 Re8 13. O-O Bf8 14. Rc1 Ne4 15.
dxc5 Nxc5 16. Bb1 N7e6 17. Ne5 Ne4 18. Qg4 N6c5 19. b4 Na4 20. Ba1 g6 21. Nxe4
dxe4 22. Rfd1 Bd5 23. Bxe4 1-0

[Event "40th ECC Open 2025"]
[Site "Rhodes GRE"]
[Date "2025.10.23"]
[Round "5.131"]
[White "Bourg, Nicolas"]
[Black "Koutlas, Nikolaos"]
[Result "1-0"]
[WhiteTitle "CM"]
[BlackTitle "FM"]
[WhiteElo "2140"]
[BlackElo "2302"]
[WhiteTeam "Differdange"]
[BlackTeam "Kavala"]
[WhiteFideId "4006160"]
[BlackFideId "25827138"]
[EventDate "2025.10.19"]
[EventType "team"]

1. e4 c5 2. Nf3 d6 3. Bc4 Nf6 4. Qe2 Nc6 5. c3 a6 6. Bb3 g6 7. h3 Bg7 8. d4 cxd4
9. cxd4 O-O 10. Nc3 e5 11. dxe5 dxe5 12. Be3 Nd4 13. Nxd4 exd4 14. Rd1 Nh5 15.
g4 Qh4 16. Rxd4 Bxd4 17. Bxd4 Rd8 18. Qf3 Be6 19. Bd5 Rd7 20. gxh5 Bxd5 21. Bf6
g5 22. Rg1 h6 23. Rg4 Qxg4 24. hxg4 Re8 25. Nxd5 Rxd5 26. e5 Rc5 27. Qxb7 Rc4
28. Kf1 Rec8 29. e6 R4c7 30. Qe4 Rc4 31. exf7+ Kxf7 32. Qe7+ 1-0

[Event "40th ECC Open 2025"]
[Site "Rhodes GRE"]
[Date "2025.10.23"]
[Round "5.132"]
[White "Ketzetzis, Georgios"]
[Black "Barthel, Ansgar"]
[Result "1-0"]
[WhiteTitle "FM"]
[WhiteElo "2260"]
[BlackElo "2055"]
[WhiteTeam "Kavala"]
[BlackTeam "Differdange"]
[WhiteFideId "4215206"]
[BlackFideId "4643461"]
[EventDate "2025.10.19"]
[EventType "team"]

1. e4 d6 2. d4 Nf6 3. Nc3 e5 4. Nf3 Nbd7 5. g4 Nxg4 6. Rg1 Ngf6 7. Bc4 h6 8. Qe2
c6 9. Bb3 exd4 10. Nxd4 Nc5 11. Bf4 Nxb3 12. cxb3 Qe7 13. O-O-O Be6 14. Bxd6
Qxd6 15. e5 Qc7 16. Nxe6 fxe6 17. exf6 Qf4+ 18. Rd2 Qxf6 19. Qh5+ Qf7 20. Qe5
Be7 21. Rxg7 Bf6 22. Rxf7 Bxe5 23. Rdd7 Bxc3 24. bxc3 b5 25. Rde7+ Kd8 26. Rxa7
Rc8 27. Rad7+ Ke8 28. Rfe7+ Kf8 29. Rxe6 h5 30. h4 1-0

[Event "40th ECC Open 2025"]
[Site "Rhodes GRE"]
[Date "2025.10.23"]
[Round "5.133"]
[White "Nyback, Tomi"]
[Black "Camlar, Arda"]
[Result "1/2-1/2"]
[WhiteTitle "GM"]
[BlackTitle "IM"]
[WhiteElo "2591"]
[BlackElo "2490"]
[WhiteTeam "Aatos"]
[BlackTeam "Guzelbahce Satranc Spor Kulubu"]
[WhiteFideId "503142"]
[BlackFideId "44576692"]
[EventDate "2025.10.19"]
[EventType "team"]

1. c4 e6 2. Nc3 d5 3. d4 Nf6 4. cxd5 exd5 5. Bg5 Be7 6. e3 O-O 7. Bd3 c6 8. Qc2
Nbd7 9. Nf3 Re8 10. O-O Nf8 11. Rab1 Ng6 12. b4 Ne4 13. Bxe7 Qxe7 14. b5 Nxc3
15. Qxc3 Bg4 16. Nd2 Nh4 17. bxc6 bxc6 18. g3 Nf3+ 19. Nxf3 Bxf3 20. Qxc6 Rac8
21. Qa6 Rc3 22. Rb7 Qa3 23. Rxa7 Qxa6 24. Bxa6 Ra3 25. Bb5 Rxa7 26. Bxe8 Kf8 27.
Bb5 Rxa2 28. Rc1 g5 29. Bf1 g4 30. h3 h5 31. Bg2 Ke7 32. hxg4 Bxg2 33. Kxg2 hxg4
34. Rh1 Ke6 35. Rh4 f5 36. Rh1 Rb2 37. Rd1 Ra2 38. Kf1 Rb2 39. Ke1 Ra2 40. Rd2
Ra3 41. Kd1 Kd6 42. Kc2 Ra2+ 43. Kc3 Ra3+ 44. Kb2 Ra8 45. Rd3 Ra6 46. Rd2 Ra8
47. Kc2 Ra2+ 48. Kd3 Ra3+ 49. Ke2 Ke6 50. Rb2 Ra1 51. f3 gxf3+ 52. Kxf3 Rf1+ 53.
Kg2 Re1 54. Kf2 Ra1 55. Rb8 Ke7 56. Rg8 Rb1 57. Rg6 Ra1 58. g4 fxg4 59. Kg3 Rf1
60. Kxg4 Rf2 61. Rg5 Ke6 62. Re5+ Kd6 63. Rf5 Rg2+ 64. Kf4 Rf2+ 65. Kg5 Re2 66.
Rf3 Ke6 67. Rh3 Rg2+ 68. Kf4 Rf2+ 69. Kg4 Rf1 70. Rh6+ Ke7 71. Rh5 Ke6 72. Re5+
Kd6 73. Rf5 Re1 74. Rf3 Ke6 75. Rh3 Rg1+ 76. Kf3 Rf1+ 77. Ke2 Ra1 78. Kd2 Ra3
79. Kc2 Ke7 80. Kd2 Ke6 81. Rh6+ Ke7 82. Rc6 Kd7 83. Rc3 Rxc3 84. Kxc3 Kc7 85.
Kb3 Kb7 86. Kc2 Kc6 87. Kd1 Kd7 88. Ke2 Ke6 89. Kf3 Kf5 90. Kg2 Kg6 91. Kg1 Kg7
92. Kh2 Kh6 93. Kg3 1/2-1/2

[Event "40th ECC Open 2025"]
[Site "Rhodes GRE"]
[Date "2025.10.23"]
[Round "5.134"]
[White "Yildiz, Egehan"]
[Black "Salo, Heikki"]
[Result "1-0"]
[WhiteTitle "FM"]
[BlackTitle "FM"]
[WhiteElo "2374"]
[BlackElo "2208"]
[WhiteTeam "Guzelbahce Satranc Spor Kulubu"]
[BlackTeam "Aatos"]
[WhiteFideId "44518072"]
[BlackFideId "500593"]
[EventDate "2025.10.19"]
[EventType "team"]

1. d4 Nf6 2. c4 e6 3. Nf3 d5 4. Nc3 c6 5. Qd3 dxc4 6. Qxc4 b5 7. Qd3 a6 8. e4 c5
9. e5 Nd5 10. dxc5 Bxc5 11. Nxd5 Qxd5 12. Qxd5 exd5 13. a4 bxa4 14. Rxa4 O-O 15.
Bd3 Nc6 16. Rh4 h6 17. O-O Be7 18. Ra4 f6 19. Re1 fxe5 20. Nxe5 Nxe5 21. Rxe5
Bc5 22. Be3 Bxe3 23. fxe3 Rb8 24. Ra2 Rb3 25. Be2 Bb7 26. h3 Rd8 27. Bxa6 Bxa6
28. Rxa6 Rd7 29. Ra5 Rxb2 30. Raxd5 Rxd5 31. Rxd5 Re2 32. Re5 Kf7 33. Kh2 Kf6
34. Re8 Kf7 35. Re4 Kf6 36. Kg3 Kf7 37. Kf3 Re1 38. Rf4+ Ke6 39. Ra4 Kf6 40. h4
Ke6 41. h5 Rb1 42. Ra6+ Kf7 43. Kf4 Rb5 44. g4 Rc5 45. e4 Rb5 46. Ra7+ Kf6 47.
Ra6+ Kf7 48. e5 Rb1 49. Ra7+ Ke6 50. Rxg7 Rf1+ 51. Ke4 Re1+ 52. Kf3 Rf1+ 53. Kg2
Ra1 54. Rg6+ Kxe5 55. Rxh6 Kf4 56. Rg6 Ra3 57. h6 Rg3+ 58. Kh2 Ra3 59. h7 Ra2+
60. Kg1 Kg3 1-0

[Event "40th ECC Open 2025"]
[Site "Rhodes GRE"]
[Date "2025.10.23"]
[Round "5.135"]
[White "Pulkkinen, Kari"]
[Black "Burcu, Cagatay"]
[Result "0-1"]
[WhiteTitle "FM"]
[BlackTitle "FM"]
[WhiteElo "2163"]
[BlackElo "2255"]
[WhiteTeam "Aatos"]
[BlackTeam "Guzelbahce Satranc Spor Kulubu"]
[WhiteFideId "500712"]
[BlackFideId "6310630"]
[EventDate "2025.10.19"]
[EventType "team"]

1. e4 e6 2. d4 d5 3. Nc3 Bb4 4. e5 c5 5. a3 Bxc3+ 6. bxc3 Ne7 7. Qg4 Qc7 8. Bd3
c4 9. Be2 Qa5 10. Bd2 Nf5 11. Nf3 Qa4 12. Ra2 Nc6 13. Qf4 h6 14. h4 Bd7 15. h5
Rf8 16. Nh4 Nce7 17. Nf3 Nc6 18. Nh4 O-O-O 19. Nxf5 exf5 20. O-O Rh8 21. Qg3
Rdg8 22. f4 g6 23. Qh4 Rh7 24. hxg6 fxg6 25. Qf6 Nd8 26. Bf3 Be6 27. Rb1 Qd7 28.
a4 g5 29. fxg5 Rf7 30. Qxh6 Rh7 31. Qf6 Qe8 32. Bxd5 Bxd5 33. Qxf5+ Qd7 34.
Qxd7+ Kxd7 35. Rf1 Rf7 36. Raa1 Ke8 37. Rf6 Ne6 38. Rxf7 Kxf7 39. Rf1+ Ke7 40.
Kh2 Nxg5 41. Bxg5+ Rxg5 42. Rf2 b6 43. Kh3 Be6+ 44. Kh4 Rg4+ 45. Kh5 Rg3 46. Kh4
Rxc3 47. Rd2 Bd5 48. g4 Rf3 49. Kg5 a6 50. Rh2 b5 51. axb5 axb5 52. Rh7+ Rf7 53.
Rh6 Be6 54. d5 Bxd5 55. Rb6 Be4 56. c3 Rf3 57. Rxb5 Rxc3 58. Kf4 Rb3 59. Rc5 Bd3
60. Ke3 Bf5+ 61. Kf4 Be6 62. g5 Rb1 63. g6 Rg1 64. g7 Rg4+ 65. Ke3 Rxg7 66. Rc7+
Kf8 67. Rc6 Kf7 68. Kf4 Rg4+ 69. Ke3 Rh4 0-1

[Event "40th ECC Open 2025"]
[Site "Rhodes GRE"]
[Date "2025.10.23"]
[Round "5.136"]
[White "Dogan, Umut Anil"]
[Black "Prieur, Eetu"]
[Result "1-0"]
[WhiteTitle "CM"]
[WhiteElo "2238"]
[BlackElo "2129"]
[WhiteTeam "Guzelbahce Satranc Spor Kulubu"]
[BlackTeam "Aatos"]
[WhiteFideId "51618060"]
[BlackFideId "502928"]
[EventDate "2025.10.19"]
[EventType "team"]

1. Nf3 Nf6 2. c4 g6 3. g3 Bg7 4. Bg2 O-O 5. O-O d6 6. d4 Nc6 7. Nc3 e5 8. dxe5
dxe5 9. Bg5 Be6 10. Qa4 h6 11. Rad1 Qe7 12. Bxf6 Bxf6 13. Nd2 Bg7 14. Bxc6 bxc6
15. Qxc6 Bh3 16. Rfe1 f5 17. Qxg6 Qc5 18. Qe6+ Kh8 19. Nb3 Qb4 20. Rd7 Qb6 21.
Qxb6 cxb6 22. e4 fxe4 23. Rd6 Rf3 24. Nd2 Rd3 25. Ndxe4 Rd4 26. b3 Bg4 27. Nb5
Rxd6 28. Nbxd6 Rf8 29. Re3 Kh7 30. Kg2 Rd8 31. b4 Be6 32. Ra3 Rd7 33. f3 Kg6 34.
c5 Bf8 35. Ra6 Kg7 36. a4 Bxd6 37. Nxd6 bxc5 38. bxc5 Kf8 39. Kf2 h5 40. Ke3 Bd5
41. Nb5 Bc4 42. Rxa7 Bxb5 43. Ra8+ Ke7 44. axb5 Rd5 45. b6 1-0

[Event "40th ECC Open 2025"]
[Site "Rhodes GRE"]
[Date "2025.10.23"]
[Round "5.137"]
[White "Tolonen, Mikko"]
[Black "Gur, Ali"]
[Result "0-1"]
[BlackTitle "CM"]
[WhiteElo "2060"]
[BlackElo "2222"]
[WhiteTeam "Aatos"]
[BlackTeam "Guzelbahce Satranc Spor Kulubu"]
[WhiteFideId "502677"]
[BlackFideId "51684349"]
[EventDate "2025.10.19"]
[EventType "team"]

1. e4 c5 2. Nc3 Nc6 3. Bb5 Nd4 4. Nf3 g6 5. Bc4 d6 6. Nxd4 cxd4 7. Ne2 Bg7 8. c3
dxc3 9. dxc3 Nf6 10. Qd3 O-O 11. O-O Qc7 12. Bb3 a5 13. Nd4 a4 14. Bc2 Nd7 15.
f4 b6 16. Qe3 Ba6 17. Bd3 e5 18. fxe5 dxe5 19. Nc2 Bxd3 20. Qxd3 Nc5 21. Qc4 Qb7
22. Re1 Rac8 23. Qe2 Rfd8 24. Nb4 Kh8 25. Bg5 f6 26. Bh4 Rd6 27. Bf2 f5 28. exf5
gxf5 29. Qh5 Rg6 30. Qh3 Ne6 31. g3 Ng5 32. Qg2 e4 33. Kh1 Nf3 34. Re2 Nh4 35.
Qh3 e3+ 0-1

[Event "40th ECC Open 2025"]
[Site "Rhodes GRE"]
[Date "2025.10.23"]
[Round "5.138"]
[White "Karaca, Yigit"]
[Black "Lammi, Jyri"]
[Result "1-0"]
[WhiteElo "2183"]
[BlackElo "2066"]
[WhiteTeam "Guzelbahce Satranc Spor Kulubu"]
[BlackTeam "Aatos"]
[WhiteFideId "26314118"]
[BlackFideId "501263"]
[EventDate "2025.10.19"]
[EventType "team"]

1. e4 e5 2. Nf3 Nf6 3. Nc3 Nc6 4. Bb5 Bc5 5. d3 a6 6. Bxc6 dxc6 7. Ne2 Qe7 8. h3
h6 9. Ng3 g6 10. Qe2 Bd7 11. c3 O-O-O 12. b4 Ba7 13. a4 Ne8 14. Be3 Bxe3 15.
Qxe3 Kb8 16. O-O Ng7 17. Rfb1 b6 18. c4 Kb7 19. a5 b5 20. Rc1 f6 21. cxb5 cxb5
22. Rxc7+ 1-0

[Event "40th ECC Open 2025"]
[Site "Rhodes GRE"]
[Date "2025.10.23"]
[Round "5.139"]
[White "Zeneli, Klendi"]
[Black "Baselmans, Luuk"]
[Result "0-1"]
[WhiteTitle "CM"]
[BlackTitle "FM"]
[WhiteElo "2265"]
[BlackElo "2384"]
[WhiteTeam "Drejtesia Trokadero"]
[BlackTeam "De Stukkenjagers"]
[WhiteFideId "4706609"]
[BlackFideId "1051008"]
[EventDate "2025.10.19"]
[EventType "team"]

1. e4 c6 2. d4 d5 3. e5 c5 4. dxc5 e6 5. a3 Bxc5 6. Qg4 Ne7 7. Nf3 Ng6 8. h4 f5
9. Qg3 f4 10. Qg4 O-O 11. b4 Nxe5 12. Nxe5 Bd4 13. Bd3 Qf6 14. Qh5 Qxe5+ 15.
Qxe5 Bxe5 16. Ra2 a5 17. c3 Bd6 18. Re2 Nc6 19. f3 axb4 20. cxb4 Nd4 21. Rf2 Nf5
22. Bxf5 Rxf5 23. Bb2 Bd7 24. Nd2 Bb5 25. Nb3 Be5 26. Nc5 b6 27. Nb3 Bc4 0-1